Синтез наночастиц магнетита методом совместного осаждения и исследование влияния реакционной среды на их магнитные свойства; Перспективы развития фундаментальных наук; Т. 1 : Физика

التفاصيل البيبلوغرافية
Parent link:Перспективы развития фундаментальных наук=Prospects of Fundamental Sciences Development: сборник научных трудов XVIII Международной конференции студентов, аспирантов и молодых ученых, г. Томск, 27-30 апреля 2021 г./ Национальный исследовательский Томский политехнический университет (ТПУ) ; под ред. И. А. Курзиной, Г. А. Вороновой.— , 2021
Т. 1 : Физика.— 2021.— [С. 310-312]
المؤلف الرئيسي: Синявский С. В. Сергей Владимирович
مؤلف مشترك: Национальный исследовательский Томский политехнический университет Исследовательская школа химических и биомедицинских технологий
مؤلفون آخرون: Прядко А. Артем (научный руководитель), Сурменев Р. А. Роман Анатольевич
الملخص:Заглавие с экрана
Magnetite nanoparticles were obtained using the co-precipitation method under various synthesis conditions. The phase composition was investigated using X-ray diffraction analysis. The saturation magnetization of the obtained magnetic nanoparticles was investigated using vibrating-sample magnetometer. As a result, the samples obtained in a nitrogen atmosphere reveal a higher saturation magnetization value than the ones obtained in air.
اللغة:الروسية
منشور في: 2021
الموضوعات:
الوصول للمادة أونلاين:http://earchive.tpu.ru/handle/11683/68254
التنسيق: الكتروني فصل الكتاب
KOHA link:https://koha.lib.tpu.ru/cgi-bin/koha/opac-detail.pl?biblionumber=633436

MARC

LEADER 00000naa2a2200000 4500
001 633436
005 20240130131007.0
035 |a (RuTPU)RU\TPU\conf\35184 
035 |a RU\TPU\conf\35182 
090 |a 633436 
100 |a 20210818d2021 k y0rusy50 ca 
101 0 |a rus 
102 |a RU 
105 |a y z 100zy 
135 |a drgn ---uucaa 
181 0 |a i  
182 0 |a b 
200 1 |a Синтез наночастиц магнетита методом совместного осаждения и исследование влияния реакционной среды на их магнитные свойства  |d Synthesis of magnetite nanoparticles by the method of co-precipitation and study of the influence of the reaction medium on their magnetic properties  |f С. В. Синявский, А. Прядко  |g науч. рук. Р. А. Сурменев 
203 |a Текст  |c электронный 
300 |a Заглавие с экрана 
320 |a [Библиогр.: с. 312 (8 назв.)] 
330 |a Magnetite nanoparticles were obtained using the co-precipitation method under various synthesis conditions. The phase composition was investigated using X-ray diffraction analysis. The saturation magnetization of the obtained magnetic nanoparticles was investigated using vibrating-sample magnetometer. As a result, the samples obtained in a nitrogen atmosphere reveal a higher saturation magnetization value than the ones obtained in air. 
338 |b Российский научный фонд  |d 20-63-47096 
461 1 |0 (RuTPU)RU\TPU\conf\35054  |t Перспективы развития фундаментальных наук  |l Prospects of Fundamental Sciences Development  |o сборник научных трудов XVIII Международной конференции студентов, аспирантов и молодых ученых, г. Томск, 27-30 апреля 2021 г.  |o в 7 т.  |f Национальный исследовательский Томский политехнический университет (ТПУ) ; под ред. И. А. Курзиной, Г. А. Вороновой  |d 2021 
463 1 |0 (RuTPU)RU\TPU\conf\35055  |t Т. 1 : Физика  |v [С. 310-312]  |d 2021 
510 1 |a Synthesis of magnetite nanoparticles by the method of co-precipitation and study of the influence of the reaction medium on their magnetic properties  |z eng 
610 1 |a электронный ресурс 
610 1 |a труды учёных ТПУ 
610 1 |a синтез 
610 1 |a наночастицы 
610 1 |a магнетиты 
610 1 |a осаждение 
610 1 |a магнитные свойства 
610 1 |a рентгеноструктурный анализ 
610 1 |a атмосфера 
610 1 |a азот 
700 1 |a Синявский  |b С. В.  |c физик  |c инженер Томского политехнического университета  |f 1998-  |g Сергей Владимирович  |3 (RuTPU)RU\TPU\pers\46889  |9 22511 
701 1 |a Прядко  |b А.  |c специалист в области ядерных технологий  |c инженер-исследователь Томского политехнического университета  |f 1995-  |g Артем  |3 (RuTPU)RU\TPU\pers\46623  |9 22281 
702 1 |a Сурменев  |b Р. А.  |c физик  |c старший научный сотрудник Томского политехнического университета, доцент, кандидат физико-математических наук  |f 1982-  |g Роман Анатольевич  |4 727 
712 0 2 |a Национальный исследовательский Томский политехнический университет  |b Исследовательская школа химических и биомедицинских технологий  |c (2017- )  |3 (RuTPU)RU\TPU\col\23537 
801 2 |a RU  |b 63413507  |c 20210902  |g RCR 
856 4 |u http://earchive.tpu.ru/handle/11683/68254 
942 |c BK